[Event "Eschborn op"]
[Site "Eschborn"]
[Date "2019.08.17"]
[Round "3.17"]
[White "Tietzen, Stefan"]
[Black "Weller, Albrecht"]
[Result "0-1"]
[WhiteElo "1877"]
[BlackElo "1514"]
[PlyCount "129"]
[EventDate "2019.08.16"]
[EventType "swiss"]
[EventRounds "5"]
[EventCountry "GER"]
[SourceTitle "EXT 2024"]
[Source "ChessBase"]
[SourceDate "2023.10.10"]
[SourceVersion "1"]
[SourceVersionDate "2023.10.10"]
[SourceQuality "1"]

1. e4 c5 2. Nf3 Nc6 3. d4 cxd4 4. Nxd4 g6 5. Nc3 Bg7 6. Be3 a6 7. Be2 Nf6 8. 0-0 0-0 9. Nb3 d6 10. a4 Qc7 11. a5 Be6 12. Bb6 Qc8 13. Re1 Nd7 14. Na4 Qe8 15. Be3 Rc8 16. Qd2 Qd8 17. Nb6 Nxb6 18. Bxb6 Qd7 19. c4 Ne5 20. Rac1 Bxc4 21. Nd4 Bxe2 22. Qxe2 Rxc1 23. Rxc1 Rc8 24. Rxc8+ Qxc8 25. Qc2 Qxc2 26. Nxc2 Nc4 27. Bd8 Kf8 28. b3 Nd2 29. f3 Nxb3 30. Na3 Bc3 31. Nc4 Ke8 32. Bb6 Kd7 33. Kf1 e6 34. Ke2 Bd4 35. Bxd4 Nxd4+ 36. Kd3 Nc6 37. f4 f6 38. g4 f5 39. exf5 exf5 40. h3 Ke6 41. Kc3 d5 42. Nb6 Kd6 43. Nc8+ Kc5 44. Nb6 d4+ 45. Kd2 Nxa5 46. Nd7+ Kd6 47. Nf8 fxg4 48. hxg4 Nc6 49. Nxh7 Ke7 50. Ng5 a5 51. Ne4 b5 52. f5 gxf5 53. gxf5 Ne5 54. f6+ Ke6 55. Nc5+ Kxf6 56. Nb3 Nc6 57. Kd3 Ke5 58. Kc2 Nb4+ 59. Kb2 a4 60. Nd2 Kd5 61. Ka3 Nc2+ 62. Kb2 Ne3 63. Nb1 b4 64. Ka2 d3 65. Ka1 0-1

[Event "Eschborn op"]
[Site "Eschborn"]
[Date "2018.10.06"]
[Round "3"]
[White "Leach, Julien"]
[Black "Weller, Albrecht"]
[Result "0-1"]
[WhiteElo "1607"]
[BlackElo "1541"]
[PlyCount "68"]
[EventDate "2018.10.05"]
[EventType "swiss"]
[EventRounds "5"]
[EventCountry "GER"]
[SourceTitle "CBM 187 Extra"]
[Source "ChessBase"]
[SourceDate "2018.11.04"]
[SourceVersion "1"]
[SourceVersionDate "2018.11.04"]
[SourceQuality "1"]

1. d4 d5 2. Bf4 Nf6 3. Nf3 e6 4. c4 c6 5. Nc3 Nbd7 6. e3 Be7 7. c5 Ne4 8. Nxe4 dxe4 9. Nd2 f5 10. Qb3 Nf6 11. Be5 0-0 12. Bxf6 Rxf6 13. Be2 Kh8 14. f3 exf3 15. Bxf3 Rh6 16. 0-0-0 Qc7 17. h3 e5 18. Nc4 e4 19. Be2 Be6 20. Qa3 b5 21. Ne5 Bg5 22. g3 a5 23. b4 Ra7 24. Rd2 axb4 25. Qxb4 Bxe3 26. a3 Ra4 27. Qc3 Bxd2+ 28. Kxd2 Bd5 29. Rf1 Rf6 30. Bd1 Ra8 31. Bh5 g6 32. Be2 Raf8 33. Ke3 g5 34. Kd2 f4 0-1

[Event "Eschborn op 11th"]
[Site "Eschborn"]
[Date "2014.09.07"]
[Round "5"]
[White "Weller, Albrecht"]
[Black "Spelleken, Hans Gerd"]
[Result "0-1"]
[WhiteElo "1573"]
[BlackElo "1789"]
[PlyCount "70"]
[EventDate "2014.09.05"]
[EventType "swiss"]
[EventRounds "5"]
[EventCountry "GER"]
[SourceTitle "EXT 2015"]
[Source "ChessBase"]
[SourceDate "2014.11.20"]
[SourceVersion "1"]
[SourceVersionDate "2014.11.20"]
[SourceQuality "1"]

1. e4 b6 2. d3 Bb7 3. Nf3 Nc6 4. Be3 Nf6 5. h3 e5 6. c4 Bb4+ 7. Nbd2 a5 8. a3 Be7 9. Be2 Nh5 10. 0-0 0-0 11. Nb3 a4 12. Nbd2 Nf4 13. Kh2 Nxe2 14. Qxe2 f5 15. exf5 Rxf5 16. Ne4 d5 17. Ng3 Rf7 18. Rac1 d4 19. Bd2 Bf6 20. Ne4 Na5 21. Rc2 Nb3 22. Bg5 Bxe4 23. Bxf6 Bxf3 24. Qxf3 Rxf6 25. Qe4 Nc5 26. Qe2 e4 27. Rd2 exd3 28. Qe5 Qd6 29. Qxd6 Rxd6 30. f3 Re8 31. Rff2 Rde6 32. g3 Re2 33. Kg2 Rxd2 34. Rxd2 Re2+ 35. Rxe2 dxe2 0-1

[Event "Eschborn op 11th"]
[Site "Eschborn"]
[Date "2014.09.06"]
[Round "3"]
[White "Weller, Albrecht"]
[Black "Weiland, Thomas"]
[Result "1-0"]
[WhiteElo "1573"]
[BlackElo "1806"]
[PlyCount "75"]
[EventDate "2014.09.05"]
[EventType "swiss"]
[EventRounds "5"]
[EventCountry "GER"]
[SourceTitle "EXT 2015"]
[Source "ChessBase"]
[SourceDate "2014.11.20"]
[SourceVersion "1"]
[SourceVersionDate "2014.11.20"]
[SourceQuality "1"]

1. e4 d5 2. exd5 Nf6 3. Nf3 Nxd5 4. d4 Bg4 5. Be2 e6 6. 0-0 Nd7 7. c4 N5f6 8. Nc3 Be7 9. h3 Bh5 10. Bf4 a6 11. Qd2 0-0 12. Rad1 Bg6 13. Qe3 Nh5 14. Bh2 Qc8 15. Ne5 Nhf6 16. Bf3 Bd6 17. c5 Bxe5 18. dxe5 Nd5 19. Nxd5 exd5 20. Bxd5 c6 21. Bb3 Re8 22. Qd4 Nf8 23. Rfe1 Qf5 24. Qc3 Ne6 25. Rd2 Rad8 26. Rd6 Nf4 27. Bxf4 Qxf4 28. Rxd8 Rxd8 29. e6 fxe6 30. Bxe6+ Kh8 31. Bb3 Rf8 32. Qe3 Qf6 33. Re2 h6 34. Qe7 Qf4 35. Qd6 Qc1+ 36. Kh2 Rf6 37. Qd8+ Kh7 38. Qg8# 1-0